000 00593nam a22002297a 4500
003 UA-OsUOA
001 40151
007 ta
008 20060717b un ||||| |||| 00| 0 ukr d
100 _aКосидовський З.
090 _a244
_bК71
942 _cBK
040 _aUA-OsUOA
_brus
_cUA-OsUOA
_dUA-OsUOA
245 _aБиблейские сказания
300 _a455 с.
955 _a2
041 _arus
080 _a244
260 _aМ.
_bПолитическая литература
_c1975
650 7 _a2 Релігія. Теологія.
_2UDC
999 _c326292
_d326292